000 00820cab a2200289 4500
001 ABS48585
008 090401t1993 xxu||||| |||| 00| 0 eng d
035 _a(Sirsi) u67459
041 _aeng
245 _aEstates Times survey : Wales
260 _c1993
350 _a0
490 _aEstates Times
_v(1191) 28 May 1993, 12-20(8)
650 _aBUSINESS PARKS
650 _aCARDIFF BAY
650 _aCARDIFF
650 _aINDUSTRIAL MARKET
650 _aNEWPORT
650 _aPROPERTY-COMMERCIAL PROPERTY-OFFICE PROPERTY-OFFICE PROPERTY MARKET
650 _aPROPERTY-COMMERCIAL PROPERTY-RETAIL PROPERTY-RETAIL PROPERTY MARKET
650 _aSWANSEA
650 _aWALES
650 _aWREXHAM
690 _aPROPERTY-COMMERCIAL PROPERTY-COMMERCIAL PROPERTY MARKET
942 _n0
948 _c04/03/1997
999 _c42210
_d42210